00449nam a2200169Ia 4500003000400000005001700004008004100021020001800062040000700080041000800087082002000095100003700115245006600152260003200218300001600250365001300266OSt20230418111844.0210423s2009 xx 000 0 und d a9781420090543 cAL aeng a658.15 MORJ223 aMORRIS (James R);DALEY (John P). aIntroduction to financial models for management and planning. aBoca RatonbCRC Pressc2009 axxx,724bPB b895cINR